Welcome to WEB OPAC of MRSPTU Central Library

Power system stability and control (Record no. 4462)

MARC details
000 -LEADER
fixed length control field 00408nam a2200157Ia 4500
008 - FIXED-LENGTH DATA ELEMENTS--GENERAL INFORMATION
fixed length control field 230711s9999||||xx |||||||||||||| ||und||
041 ## - LANGUAGE CODE
Language code of text/sound track or separate title ENG
082 ## - DEWEY DECIMAL CLASSIFICATION NUMBER
Classification number 621.319
Item number KU-P
100 ## - MAIN ENTRY--PERSONAL NAME
Personal name Kundur,Prabha
245 #0 - TITLE STATEMENT
Title Power system stability and control
250 ## - EDITION STATEMENT
Edition statement 1st Ed.
260 ## - PUBLICATION, DISTRIBUTION, ETC.
Date of publication, distribution, etc. 2006
Place of publication, distribution, etc. New Delhi
Name of publisher, distributor, etc. Tata McGraw Hill Education Limited
300 ## - PHYSICAL DESCRIPTION
Extent 1176
650 ## - SUBJECT ADDED ENTRY--TOPICAL TERM
Topical term or geographic name entry element Electrical Engineering
942 ## - ADDED ENTRY ELEMENTS (KOHA)
Koha item type Book
Holdings
Withdrawn status Lost status Damaged status Not for loan Collection Home library Current library Date acquired Total checkouts Full call number Barcode Date last seen Price effective from Koha item type Cost, normal purchase price Inventory number Date last checked out
          MRSPTU Central Library MRSPTU Central Library     621.319 KU-P 15238 08/17/2023 08/17/2023 Book      
          MRSPTU Central Library MRSPTU Central Library     621.317 KU-P 35250 08/17/2023 08/17/2023 Book 899.00 KBD/2016-2017/961142808  
          MRSPTU Central Library MRSPTU Central Library     621.317 KU-P 35251 08/17/2023 08/17/2023 Book 899.00 KBD/2016-2017/961142808  
          MRSPTU Central Library MRSPTU Central Library     621.317 KU-P 35252 08/17/2023 08/17/2023 Book 899.00 KBD/2016-2017/961142808  
          MRSPTU Central Library MRSPTU Central Library     621.317 KU-P 35253 08/17/2023 08/17/2023 Book 899.00 KBD/2016-2017/961142808  
          MRSPTU Central Library MRSPTU Central Library     621.317 KU-P 35254 08/17/2023 08/17/2023 Book 899.00 KBD/2016-2017/961142808  
          MRSPTU Central Library MRSPTU Central Library     621.317 KU-P 35255 08/17/2023 08/17/2023 Book 899.00 KBD/2016-2017/961142808  
          MRSPTU Central Library MRSPTU Central Library   1 621.317 KU-P 35256 05/23/2025 08/17/2023 Book 899.00 KBD/2016-2017/961142808 05/02/2025
          MRSPTU Central Library MRSPTU Central Library     621.317 KU-P 35257 08/17/2023 08/17/2023 Book 899.00 KBD/2016-2017/961142808  
          MRSPTU Central Library MRSPTU Central Library     621.317 KU-P 35258 08/17/2023 08/17/2023 Book 899.00 KBD/2016-2017/961142808  
          MRSPTU Central Library MRSPTU Central Library     621.317 KU-P 35259 08/17/2023 08/17/2023 Book 899.00 KBD/2016-2017/961142808  

Website Designed and Developed by MRSPTU Central Library Team

E-mail Id: librarian@mrsptu.ac.in